000 00779nam a22002537a 4500
003 0
005 20180801162733.0
008 0
010 _aB-119554
020 _c00.00
_a8178292149
035 _aB-119554, B-119555
037 _bCen Lib/Ret
040 _aDPL
_bEN
_c0
082 _a070.4
_bBUR
100 _aBurns, Lynette Sherindan
_942008
245 _aUndersatanding journalism /
_cby Lynette Shridan Burns
260 _aNew Delhi
_bVistaar publications
_c2004
270 _bNew Delhi
_a32 M-Block Market,Graeter Kailash
_e110048
300 _aix,186p.
_c23cm(pbk)
500 _aIncludes bibliographical references and index
650 _aJournalism
_942009
650 _aJournalism
_xStudy and teaching
_942010
942 _2ddc
_cEN
_h070.4
_mBUR
999 _c134862
_d134862